Statistiken für Berühmte Militärs nach Bild und Nation - 10

Klicken Sie hier um das Quiz zu spielen!

Allgemein

  • Dieses Quiz wurde 16 mal gespielt
  • Das Durchschnittsergebnis liegt bei 3 aus 8

Antwortstatistiken

Antwort% Korrekt
Karl Martell
87%
William Wallace
80%
Mohammed
67%
Germanicus
27%
Lafayette
27%
William Sherman
13%
George Meade
7%
Georg Kastriota
7%

Verteilung der Resultate

Perzentil nach korrekt beantworteten Fragen

Anzahl Personen mit jedem Resultat

Ihre Resultats-Entwicklung

Sie haben dieses Quiz noch nicht gespielt